000 00642nam a2200229 a 4500
005 20230419063704.0
008 991125s1983 mx 000 0 spa u
020 _a9681814738
035 _aUPN01000025541
049 _aCG
050 4 _aQA342 M6.4
100 1 _aMoreno Armella, Luis
245 1 0 _aFunciones :
_blogarítmica y exponencial /
_cLuis Moreno Armella
260 _aMéxico :
_bLimusa,
_c1983
300 _a68 p. :
_bgráfs
440 0 _aSerie de matemáticas
650 7 _aEcuaciones diferenciales
_2
_916870
650 2 _aFunciones (matemáticas)
_922527
650 4 _aLOGARITMOS
904 _aAC
_b025542
905 _aLibro
999 _c25541
_d25541